000
00255nam a2200109Ia 4500
008
190216s9999||||xx |||||||||||||| ||und||
100
_a
Velayudhan Ps
245
0
_a
Brief History Of The World
260
_b
Viswanathan S.
650
_a
History
942
_c
BK
999
_c
18646
_d
18646